000 00444pab a2200181 454500
008 180718b2013 xxu||||| |||| 00| 0 eng d
100 _aGhose, Ajit K.
245 _aThe ENIGMA of women in the labour force
260 _c2013
300 _ap.635-642.
362 _aOct-Dec
650 _aManpower
650 _aLabour force
650 _aWomen workers
773 _aIndian Journal of Labour Economics
908 _aN
909 _a104732
999 _c104727
_d104727